| 000 | 00753nam a2200241 i 4500 | ||
|---|---|---|---|
| 003 | DO-SdBNP | ||
| 005 | 20251107103355.0 | ||
| 007 | ta | ||
| 008 | 251107b2001 ck g|||| |||| 00| 0 spa d | ||
| 020 | _a9586822095 | ||
| 040 |
_aDO-SdBNP _bspa _cBNPHU _erda |
||
| 041 | _aspa | ||
| 082 | 4 |
_axxx _bxxx |
|
| 245 | 0 | 0 |
_aUna década de luces y sombras : _bAmérica Latina y el Caribe en los anños noventa _cpresentación, JoséAntonio Ocampo |
| 264 | 4 |
_aBogotá, Colombia : _bCEPAL _bAlfaomega, _c©2001. |
|
| 300 |
_a306 páginas : _bgráficos ; _c23 cm. |
||
| 336 |
_atexto _btxt _2rdacontent |
||
| 337 |
_asin mediación _bn _2rdamedia |
||
| 338 |
_avolumen _bnc _2rdacarrier |
||
| 590 | _aInventariado, 2025/BT | ||
| 910 | _aBtavárez | ||
| 942 |
_2ddc _cLBS1 |
||
| 999 |
_c60021 _d60021 |
||